000 00901nam a2200229 a 4500
003 OSt
005 20131106152223.0
008 131106s1998 sz ||||| |||| 00| 0 spa d
020 _a92-4-354487-X
040 _cBiblioteca Medicina
041 _aspa
082 _aOMS QV 600
110 _aOrganizacion Mundial de la Salud
_91006
245 0 0 _aDirectrices para la lucha contra las intoxicaciones. Programa Internacional de Seguridad de las Sustancias Quimicas
250 _a1° ed.
260 _aGinebra
_bOrganizacion Mundial de la Salud;
_bPrograma de las Naciones Unidas para el Medio Ambiente;
_bOrganizacion Internacional del Trabajo
_c1998
300 _a115 p.
653 _aENVENENAMIENTO-PREVENCION Y CONTROL
653 _aCENTROS DE CONTROL DE INTOXICACIONES
942 _2ddc
_cPH
999 _c2015
_d2015
952 _pH0266
_40
_00
_bBFM
_10
_oOMS QV 600
_d2013-11-06
_tEj. 1
_8NFIC
_70
_cCR
_2ddc
_yPH
_aBFM